BIOLOGY AND CULTIVATION EDIBLE MUSHROOMS (Record no. 5429)

MARC details
000 -LEADER
fixed length control field 00383nam a22001457a 4500
005 - DATE AND TIME OF LATEST TRANSACTION
control field 20170406104437.0
008 - FIXED-LENGTH DATA ELEMENTS--GENERAL INFORMATION
fixed length control field 170406b xxu||||| |||| 00| 0 eng d
020 ## - INTERNATIONAL STANDARD BOOK NUMBER
ISBN 81-85873-31-3
041 ## - LANGUAGE CODE
Language code of text/sound track or separate title eng
100 ## - MAIN ENTRY--AUTHOR NAME
Personal name KAUL, T.N. AND DHAR, B.L.
245 ## - TITLE STATEMENT
Title BIOLOGY AND CULTIVATION EDIBLE MUSHROOMS
260 ## - PUBLICATION, DISTRIBUTION, ETC. (IMPRINT)
Place of publication NEW DELHI
Name of publisher WESTVILLE PUBLISHING
Year of publication 2007
300 ## - PHYSICAL DESCRIPTION
Number of Pages 225
942 ## - ADDED ENTRY ELEMENTS (KOHA)
Koha item type Books
Holdings
Lost status Damaged status Collection code Home library Current library Shelving location Date acquired Source of acquisition Cost, normal purchase price Accession Number Koha item type Full call number
    AGRICULTURE JRU Library JRU Library SHELF-46-H 06/04/2017 PURCHESS 750.00 21725 Books  
    AGRICULTURE JRU Library JRU Library SHELF-46-H 06/04/2017 PURCHESS 750.00 21726 Books  
    Reference JRU Library JRU Library SHELF-2-D 06/04/2017 PURCHESS 750.00 21727 Books 579.63